000 00371nam a22001457a 4500
008 250801b |||||||| |||| 00| 0 eng d
020 _a0618051864
050 _aHD57.7
_b.D83
100 _aDUBRIN, Andrew J.
245 _aLeadership: Research Findings, Practice, and Skills
250 _a3rd
260 _aU.S.A
_bHoughton Mifflin
_c2001
300 _a487p.
942 _cBK
999 _c4399
_d4399